• 首页
  • 本馆介绍
  • 公告通知
  • 最新文献
  • 馆藏检索
  • 电子资源
  • 读者导购
  • 参考咨询
  • 我的图书馆
  • 登录
  • 详细信息显示
  • 放入我的书架
  • 预约/预借图书
  • 作者相关作品
  • 分类相关作品
  • 丛书相关作品
  • 出版社相关作品

书目信息

  • 表格格式
  • 工作单格式
  • 卡片格式
题名:
地球文明壮观
    
 
作者: 崔钟雷 主编
分册:  
出版信息: 长春   吉林美术出版社  2010
页数: 207页
开本: 23cm
丛书名:
单 册:
中图分类: K917-49
科图分类:
主题词: 名胜古迹--世界--青年读物 , 名胜古迹
电子资源:
ISBN: 978-7-5386-4691-7
000 00697nam0 22002411 45
001 1338852750
005 20130514154212.14
010    @a978-7-5386-4691-7@dCNY10.80
100    @a20130108d2010 em y0chiy50 ea
101 0  @achi
102    @aCN@b220000
105    @aa z 000yy
106    @ar
200 1  @a地球文明壮观@ADi Qiu Wen Ming Zhuang Guan@f崔钟雷主编@FCui Zhong Lei Zhu Bian
210    @a长春@c吉林美术出版社@d2010
215    @a207页@c图@d23cm
300    @a知书达礼典藏 才学世界
606 0  @a名胜古迹@y世界@j青年读物
606 0  @a名胜古迹
690    @aK917-49@v5
701  0 @a崔钟雷@ACui Zhong Lei@4主编
801    @aCN@bTANGWEI@c20130108
905    @b0828716-20@dK917-49@e203@f5
    
    地球文明壮观/崔钟雷主编.-长春:吉林美术出版社,2010
    207页:图;23cm
    知书达礼典藏 才学世界
    
    ISBN 978-7-5386-4691-7:CNY10.80
    
●
相关链接 在E读中查询图书 在五车中查询图书 在当当中查询图书 在豆瓣中查询图书


正题名:地球文明壮观     索取号:K917-49/203         预约/预借

序号 登录号 条形码 馆藏地/架位号 状态 备注
1 0828716   208287165   第二样本阅览室/ [索取号:K917-49/203] 在馆    
2 0828717   208287174   第二借阅区/ [索取号:K917-49/203] 在馆    
3 0828718   208287183   第二借阅区/ [索取号:K917-49/203] 在馆    
4 0828719   208287192   第二借阅区/ [索取号:K917-49/203] 在馆    
5 0828720   208287209   资源管理系资料室/ [索取号:K917-49/203] 在馆    
唐山师范学院图书馆 欢迎您!
大连网信软件有限公司© 版权所有